000 00742nam a22002417a 4500
999 _c419890
_d419890
001 136893
003 UA-OsUOA
005 20191001163723.0
007 ta
008 20190410b un ||||| |||| 00| 0 ukr d
040 _aUA-OsUOA
_brus
_cUA-OsUOA
_dUA-OsUOA
041 _arus
080 _a821.353.1
090 _a821.353.1
_bГ18
100 _aГамсахурдиа К.
245 _aДавид строитель
_bроман
_cКонстантинэ Гамсахурдиа
260 _aТбилиси
_bЗаря востока
_c1956
300 _a637 с.
650 7 _a82 Література. Літературознавство
_2UDC
942 _cBK
_2udc
955 _a3